| 000 | 00300nam a22000857a 4500 | ||
|---|---|---|---|
| 999 |
_c531448 _d531448 |
||
| 082 | _aL906x5442 C/W/2024 | ||
| 245 | _aReport of the Comptroller and Auditor General of India on waste management in Urban Local Bodies Report No 3 | ||
| 260 |
_aMaharashtra _bGovernment of Maharashtra _c2024 |
||
| 300 | _a62p. | ||